| 000 | 00926nam a2200241 a 4500 | ||
|---|---|---|---|
| 001 | 48470 | ||
| 003 | BD-RjUL | ||
| 005 | 20211209054529.0 | ||
| 008 | 160814s1989 bg ||||| |||| 00| 0 ben d | ||
| 020 | _c: Tk. 100.00 | ||
| 035 | _a(BD-RjUL)48589 | ||
| 040 |
_aBD-RjUL _bben _cBD-RjUL |
||
| 041 | _aben | ||
| 082 |
_223 _a891.44109 _bKHA 1989 |
||
| 100 | 1 |
_aখান, আশরাফ আলী _9146564 |
|
| 245 | 1 | 0 | _aআশরাফ আলী খান রচনাবলী / |
| 260 |
_aঢাকা : _bবাংলা একাডেমী, _c ১৯৮৯ |
||
| 300 |
_a১৯৪ পৃ. ; _c২২ সেমি. |
||
| 650 |
_aবাংলা কবিতা _vইতিহাস ও সমালোচনা _9117724 |
||
| 650 |
_aBengali poetry _vHistory and Criticism _9117725 |
||
| 700 |
_aতাহের, হেলাল মুহাম্মদ আবু, সম্পাদক _9146565 |
||
| 942 |
_2ddc _cBK |
||
| 999 |
_c48470 _d48470 |
||